000
00300nam a22001217a 4500
040
_c
SK
082
_a
581
100
_a
NGIN CHHAY; ងឹន ឆាយ
245
_a
Plant anatomy; រុក្ខកាយវិភាគវិទ្យា
260
_a
RUA
_b
NGI
_c
1994
300
_a
48p.
942
_c
KB
999
_c
9465
_d
9465